000 00604nam a2200193Ia 4500
003 OSt
005 20201111143102.0
008 190216s9999||||xx |||||||||||||| ||und||
020 _a9789381269558
040 _coclc
082 _a530.15
_bARF/M
100 _aArfken, George B
_94319
245 0 _aMathematical Methods For Physicists /
_cGeorge B Arfken ; Hans J Weber ; Frank E Harris
250 _a7th Ed.
260 _bElsevier Science Publishing,
_c2012.
_aNew Delhi:
300 _a1205p
650 _aMathematical Physics
942 _cBK
_2ddc
_h530.15
_iARF/M
_k530.15
_mARF/M
999 _c34611
_d34611